[Event "Goiania Goias op"]
[Site "Goiania"]
[Date "2018.10.20"]
[Round "4"]
[White "Grum, Amanda Soares"]
[Black "Di Simoni, Rafaela Moura"]
[Result "1/2-1/2"]
[WhiteElo "1399"]
[BlackElo "1504"]
[PlyCount "39"]
[EventDate "2018.10.19"]
[EventType "swiss"]
[EventRounds "6"]
[EventCountry "BRA"]
[SourceTitle "CBM 187 Extra"]
[Source "ChessBase"]
[SourceDate "2018.11.04"]
[SourceVersion "1"]
[SourceVersionDate "2018.11.04"]
[SourceQuality "1"]

1. e4 c6 2. d4 d5 3. e5 Bf5 4. h4 h5 5. Bg5 f6 6. Bf4 Nd7 7. Bd3 Bxd3 8. Qxd3 Nb6 9. e6 Qc8 10. Qg6+ Kd8 11. Qf7 Nh6 12. Bxh6 gxh6 13. Nf3 Kc7 14. 0-0 Qe8 15. Qxe8 Rxe8 16. Nc3 Bg7 17. Rfe1 Reg8 18. Ne2 Bf8 19. Nf4 Nc4 20. Rab1 1/2-1/2

[Event "Goiania FEXEG Cup"]
[Site "Goiania"]
[Date "2018.05.19"]
[Round "3"]
[White "Di Simoni, Rafaela Moura"]
[Black "De Souza Sa, Apolo"]
[Result "0-1"]
[WhiteElo "1503"]
[BlackElo "1876"]
[PlyCount "65"]
[EventDate "2018.05.18"]
[EventType "swiss"]
[EventRounds "6"]
[EventCountry "BRA"]
[SourceTitle "CBM 184 Extra"]
[Source "ChessBase"]
[SourceDate "2018.06.28"]
[SourceVersion "1"]
[SourceVersionDate "2018.06.28"]
[SourceQuality "1"]

1. e4 c5 2. d4 cxd4 3. c3 Nf6 4. e5 Nd5 5. cxd4 e6 6. Nf3 d6 7. Bc4 Nc6 8. 0-0 Be7 9. Nc3 Nxc3 10. bxc3 Qc7 11. Bf4 0-0 12. exd6 Bxd6 13. Bxd6 Qxd6 14. Re1 a6 15. Qc2 Bd7 16. Bd3 g6 17. Qb2 Rfc8 18. Rac1 b5 19. a3 Rc7 20. Be4 Rac8 21. Bxc6 Bxc6 22. Ne5 Bd5 23. f3 Bc4 24. Qb4 Qd5 25. Ng4 Qg5 26. Ne5 Bd5 27. Kf2 Qd2+ 28. Kf1 Rxc3 29. Rxc3 Qxc3 30. Qe7 Qc7 31. Qh4 Kg7 32. Ng4 Qf4 33. Ne5 0-1

[Event "Goiania STD op"]
[Site "Goiania"]
[Date "2018.03.10"]
[Round "3"]
[White "Passos, Rafael Moreira"]
[Black "Di Simoni, Rafaela Moura"]
[Result "1/2-1/2"]
[WhiteElo "1739"]
[BlackElo "1528"]
[PlyCount "95"]
[EventDate "2018.03.09"]
[EventType "swiss"]
[EventRounds "6"]
[EventCountry "BRA"]
[SourceTitle "CBM 183 Extra"]
[Source "ChessBase"]
[SourceDate "2018.04.19"]
[SourceVersion "1"]
[SourceVersionDate "2018.04.19"]
[SourceQuality "1"]

1. d4 Nf6 2. Nf3 g6 3. Bg5 Bg7 4. Nbd2 d6 5. c3 0-0 6. e4 Nbd7 7. Bd3 c5 8. h3 b6 9. 0-0 Bb7 10. Qe2 Rc8 11. Rac1 Rc7 12. Ba6 Nb8 13. Bxb7 Rxb7 14. Rfd1 Nc6 15. Nb3 cxd4 16. cxd4 Rc7 17. d5 Nb8 18. Rxc7 Qxc7 19. Rc1 Qd8 20. Nfd4 h6 21. Bxf6 Bxf6 22. Nc6 Qd7 23. Qd2 Bg5 24. f4 Bf6 25. Nbd4 e5 26. Nxb8 Rxb8 27. Nc6 Re8 28. Rc2 exf4 29. Qxf4 Bg5 30. Qf3 h5 31. Re2 Bh6 32. b4 Bg7 33. b5 Be5 34. a4 Bg7 35. Rc2 Ra8 36. Nb4 Bd4+ 37. Kh1 Bc5 38. Na6 Rc8 39. Nxc5 bxc5 40. Rc4 Qc7 41. Qe3 Qe7 42. Qg3 Qf6 43. Kh2 h4 44. Qg4 Qe5+ 45. Kg1 Qa1+ 46. Kh2 Qe5+ 47. Kg1 Qa1+ 48. Kh2 1/2-1/2

[Event "Goiania-ch U2200"]
[Site "Goiania"]
[Date "2017.11.25"]
[Round "2.1"]
[White "Di Simoni, Rafaela Moura"]
[Black "Arruda Filho, Ivo Pereira de"]
[Result "1/2-1/2"]
[WhiteElo "1491"]
[BlackElo "1725"]
[PlyCount "79"]
[EventDate "2017.11.25"]
[EventType "tourn"]
[EventRounds "9"]
[EventCountry "BRA"]
[SourceTitle "EXT 2022"]
[Source "ChessBase"]
[SourceDate "2021.10.06"]
[SourceVersion "1"]
[SourceVersionDate "2021.10.06"]
[SourceQuality "1"]

1. e4 c6 2. Nf3 d5 3. Nc3 dxe4 4. Nxe4 Nd7 5. d4 Ngf6 6. Nxf6+ Nxf6 7. Bf4 Bg4 8. c3 e6 9. Bd3 Bd6 10. Bxd6 Qxd6 11. h3 Bh5 12. g4 Bg6 13. Ne5 Bxd3 14. Qxd3 0-0 15. 0-0-0 Rad8 16. f4 Nd5 17. Rhf1 b5 18. Qd2 c5 19. dxc5 Qxc5 20. Qd4 Qc7 21. a3 a5 22. Nd3 Rc8 23. f5 Rfd8 24. fxe6 Nxc3 25. exf7+ Kf8 26. Qxc3 Qb6 27. Nc5 Rxd1+ 28. Kxd1 Rxc5 29. Qf3 Qd6+ 30. Ke1 Qe5+ 31. Qe2 Rc1+ 32. Kf2 Qxe2+ 33. Kxe2 Rc2+ 34. Kd1 Rxb2 35. Rf3 a4 36. Kc1 Ra2 37. Kd1 h6 38. Kc1 g5 39. Kb1 Rh2 40. Kc1 1/2-1/2

[Event "Goiania zt"]
[Site "Goiania"]
[Date "2017.08.18"]
[Round "2"]
[White "De Souza Sa, Apolo"]
[Black "Di Simoni, Rafaela Moura"]
[Result "1/2-1/2"]
[WhiteElo "1798"]
[BlackElo "1415"]
[PlyCount "33"]
[EventDate "2017.08.18"]
[EventType "swiss"]
[EventRounds "6"]
[EventCountry "BRA"]
[SourceTitle "CBM 180 Extra"]
[Source "ChessBase"]
[SourceDate "2017.10.06"]
[SourceVersion "1"]
[SourceVersionDate "2017.10.06"]
[SourceQuality "1"]

1. e4 c6 2. d4 d5 3. Nd2 dxe4 4. Nxe4 Nf6 5. Nxf6+ exf6 6. Nf3 Bd6 7. Bd3 0-0 8. 0-0 Bg4 9. h3 Bh5 10. Re1 Nd7 11. c3 Qc7 12. Qc2 Bxf3 13. Bxh7+ Kh8 14. gxf3 g6 15. Bxg6 fxg6 16. Re4 g5 17. h4 1/2-1/2

[Event "Goiania IRT U2200 1st"]
[Site "Goiania"]
[Date "2017.06.24"]
[Round "3.7"]
[White "Bezerra, Rodrigo Albernaz"]
[Black "Di Simoni, Rafaela Moura"]
[Result "0-1"]
[WhiteElo "1213"]
[BlackElo "1468"]
[PlyCount "48"]
[EventDate "2017.06.24"]
[EventType "swiss"]
[EventRounds "5"]
[EventCountry "BRA"]
[SourceTitle "EXT 2022"]
[Source "ChessBase"]
[SourceDate "2021.10.06"]
[SourceVersion "1"]
[SourceVersionDate "2021.10.06"]
[SourceQuality "1"]

1. e4 c6 2. Bc4 d5 3. exd5 cxd5 4. Bb5+ Bd7 5. Bxd7+ Qxd7 6. Nf3 Nc6 7. 0-0 Nf6 8. Nc3 e6 9. d4 a6 10. a3 Bd6 11. Bg5 0-0-0 12. Bxf6 gxf6 13. Na4 Qc7 14. b4 Rhg8 15. Qd3 Rg6 16. b5 axb5 17. Qxb5 Rdg8 18. Qb6 Rxg2+ 19. Kh1 Bxh2 20. Qxc7+ Bxc7 21. Rab1 R2g4 22. Nb6+ Bxb6 23. Rxb6 Nxd4 24. Nxd4 Rh4# 0-1

[Event "BRA-ch U16 Girls"]
[Site "Itajai"]
[Date "2017.06.04"]
[Round "6"]
[White "Di Simoni, Rafaela Moura"]
[Black "Pinheiro, Erica de Castro"]
[Result "1-0"]
[WhiteElo "1468"]
[BlackElo "1743"]
[PlyCount "93"]
[EventDate "2017.06.01"]
[EventType "swiss"]
[EventRounds "6"]
[EventCountry "BRA"]
[SourceTitle "CBM 179 Extra"]
[Source "ChessBase"]
[SourceDate "2017.08.23"]
[SourceVersion "1"]
[SourceVersionDate "2017.08.23"]
[SourceQuality "1"]

1. e4 e6 2. Nf3 Nf6 3. Nc3 d5 4. e5 Nfd7 5. d4 c5 6. dxc5 Bxc5 7. Bd3 Nc6 8. Bf4 0-0 9. 0-0 f6 10. exf6 Rxf6 11. Bg5 e5 12. Bxf6 Qxf6 13. Nxd5 Qe6 14. Nc7 Qg4 15. Nxa8 e4 16. Bc4+ Kh8 17. Qd5 Ne7 18. Qg5 Qxg5 19. Nxg5 Nf6 20. Nf7+ Kg8 21. Nd6+ Kf8 22. Nxc8 Nxc8 23. Nc7 Nd6 24. Ne6+ Ke7 25. Nxc5 Nxc4 26. Rfe1 Nxb2 27. Nxe4 Nxe4 28. Rxe4+ Kf6 29. Rb4 Ke5 30. Rxb2 b6 31. Re1+ Kd4 32. Rb3 Kc5 33. Re7 a5 34. Rxg7 b5 35. Rxb5+ Kxb5 36. Rxh7 Ka4 37. Rh5 Kb4 38. Rxa5 Kxa5 39. h4 Ka4 40. h5 Ka3 41. h6 Kxa2 42. h7 Kb1 43. h8Q Kc1 44. f4 Kd2 45. f5 Kc1 46. f6 Kd2 47. f7 1-0

[Event "BRA-ch U16 Girls"]
[Site "Itajai"]
[Date "2017.06.01"]
[Round "1"]
[White "Viana, Leticia Gama"]
[Black "Di Simoni, Rafaela Moura"]
[Result "0-1"]
[WhiteElo "1796"]
[BlackElo "1468"]
[PlyCount "96"]
[EventDate "2017.06.01"]
[EventType "swiss"]
[EventRounds "6"]
[EventCountry "BRA"]
[SourceTitle "CBM 179 Extra"]
[Source "ChessBase"]
[SourceDate "2017.08.23"]
[SourceVersion "1"]
[SourceVersionDate "2017.08.23"]
[SourceQuality "1"]

1. e4 c6 2. d4 d5 3. exd5 cxd5 4. Nf3 Bf5 5. g3 Nc6 6. Bg2 e6 7. 0-0 Nf6 8. Bf4 Be7 9. Nc3 0-0 10. a3 Nh5 11. Ne2 Nxf4 12. Nxf4 Bf6 13. Re1 Bg4 14. c3 Na5 15. b3 Qb6 16. Rb1 Bf5 17. Rb2 Rac8 18. Re3 Nc4 19. Qc1 Nxb2 20. Qxb2 Rc6 21. Bf1 Rfc8 22. a4 Qc7 23. Ne2 Bg4 24. Bg2 Bxf3 25. Bxf3 a6 26. b4 Rc4 27. Bg4 b6 28. f4 a5 29. b5 g6 30. Qa1 Bg7 31. h4 Bf8 32. h5 Qd6 33. hxg6 hxg6 34. Qf1 Rxa4 35. f5 Bh6 36. Re5 exf5 37. Bxf5 gxf5 38. Qxf5 Ra1+ 39. Kg2 Rd8 40. Nf4 Bxf4 41. Qxf4 a4 42. Rg5+ Kf8 43. Qh4 Ra2+ 44. Kh3 Qe6+ 45. Rg4 Re8 46. Qg5 Rh2+ 47. Kxh2 Qe2+ 48. Kh3 Qf1+ 0-1

[Event "Goiania op"]
[Site "Goiania"]
[Date "2017.05.28"]
[Round "5"]
[White "Di Simoni, Rafaela Moura"]
[Black "Olivo, Anibal Ribeiro"]
[Result "1/2-1/2"]
[WhiteElo "1415"]
[BlackElo "1601"]
[PlyCount "70"]
[EventDate "2017.05.26"]
[EventType "swiss"]
[EventRounds "6"]
[EventCountry "BRA"]
[SourceTitle "CBM 178 Extra"]
[Source "ChessBase"]
[SourceDate "2017.06.22"]
[SourceVersion "1"]
[SourceVersionDate "2017.06.22"]
[SourceQuality "1"]

1. e4 e5 2. Nf3 Nc6 3. Bc4 Bc5 4. c3 Nf6 5. d4 exd4 6. cxd4 Bb4+ 7. Bd2 Bxd2+ 8. Nbxd2 d6 9. 0-0 0-0 10. Rc1 Bg4 11. Qc2 d5 12. exd5 Nxd5 13. h3 Bh5 14. Qb3 Nb6 15. Qc3 Ne7 16. Bb3 c6 17. Rfe1 Ned5 18. Bxd5 Nxd5 19. Qb3 Nb6 20. Re5 Bg6 21. Rce1 Qd6 22. Nc4 Nxc4 23. Qxc4 Qd8 24. Re7 Qb6 25. Qc3 Bf5 26. R7e5 Be6 27. a3 Bd5 28. Re7 Rab8 29. Ne5 Be6 30. Rxe6 fxe6 31. Nd7 Qc7 32. Nxb8 Qxb8 33. Rxe6 Qf4 34. Qe3 Qf5 35. Re4 h6 1/2-1/2

[Event "Caldas Novas op 1st"]
[Site "Caldas Novas"]
[Date "2017.03.12"]
[Round "5"]
[White "Aguiar, Arthur Vinicius De"]
[Black "Di Simoni, Rafaela Moura"]
[Result "1-0"]
[WhiteElo "1769"]
[BlackElo "1416"]
[PlyCount "85"]
[EventDate "2017.03.10"]
[EventType "swiss"]
[EventRounds "6"]
[EventCountry "BRA"]
[SourceTitle "CBM 177 Extra"]
[Source "ChessBase"]
[SourceDate "2017.04.27"]
[SourceVersion "1"]
[SourceVersionDate "2017.04.27"]
[SourceQuality "1"]

1. e4 c5 2. Nf3 d6 3. d4 cxd4 4. Nxd4 Nf6 5. Nc3 a6 6. f3 e6 7. Be3 Be7 8. Be2 Nc6 9. Nb3 Qc7 10. Qd2 b5 11. g4 Bb7 12. 0-0-0 Rd8 13. g5 Nd7 14. h4 Nb6 15. Rhg1 d5 16. Bxb6 Qxb6 17. exd5 exd5 18. Nxd5 Qa7 19. Nc7+ Kf8 20. Qf4 Rxd1+ 21. Rxd1 f6 22. gxf6 Bxf6 23. Ne6+ Kf7 24. Ng5+ Ke8 25. Nxh7 Ne7 26. Nxf6+ gxf6 27. Qxf6 Qe3+ 28. Rd2 Qg1+ 29. Bd1 Rf8 30. Qd4 Qh1 31. Qd7+ Kf7 32. Qxb7 Qxh4 33. Qxa6 Qg5 34. Nd4 Rd8 35. Qxb5 Qf4 36. Qc4+ Ke8 37. Qa4+ Kf7 38. Qc4+ Ke8 39. c3 Nf5 40. Qa4+ Kf7 41. Kc2 Nxd4+ 42. Rxd4 Qf5+ 43. Kb3 1-0

[Event "Goiania Goias Cup"]
[Site "Goiania"]
[Date "2016.10.15"]
[Round "3"]
[White "Campos, Otavio Moraes"]
[Black "Di Simoni, Rafaela Moura"]
[Result "1-0"]
[WhiteElo "1702"]
[BlackElo "1412"]
[PlyCount "41"]
[EventDate "2016.10.14"]
[EventType "swiss"]
[EventRounds "6"]
[EventCountry "BRA"]
[SourceTitle "CBM 175 Extra"]
[Source "ChessBase"]
[SourceDate "2016.12.12"]
[SourceVersion "1"]
[SourceVersionDate "2016.12.12"]
[SourceQuality "1"]

1. d4 Nf6 2. Nf3 g6 3. c4 Bg7 4. g3 d6 5. Bg2 0-0 6. Nc3 Re8 7. 0-0 Nbd7 8. e4 e5 9. dxe5 Nxe5 10. Qe2 Qe7 11. Re1 Bg4 12. h3 Nxf3+ 13. Bxf3 Bxh3 14. Bg5 Bd7 15. Nd5 Qd8 16. Kg2 h6 17. Nxf6+ Bxf6 18. Bxh6 Kh7 19. Rh1 Rh8 20. Rh2 Qe7 21. Bf8+ 1-0